| 000 | 00717cab a2200229 4500 | ||
|---|---|---|---|
| 001 | ABS42755 | ||
| 008 | 090401t1990 xxu||||| |||| 00| 0 eng d | ||
| 035 | _a(Sirsi) u38717 | ||
| 041 | _aeng | ||
| 100 | _aSpero, R. | ||
| 245 | _aGamble on the future pays off | ||
| 260 | _c1990 | ||
| 350 | _a0 | ||
| 490 |
_aMoney Week _v(157) 9 May 1990, 23(1) |
||
| 520 | _aReports on a £100m land reclamation project started this year in Gibraltar to recover 900,000 square metres from the sea . A new financial centre , Europort , will be developed on the reclaimed land. | ||
| 650 | _aCOMMERCIAL | ||
| 650 | _aDEVELOPMENT | ||
| 650 | _aPROPERTY | ||
| 690 | _aOVERSEAS-EUROPE | ||
| 942 | _n0 | ||
| 948 | _c04/03/1997 | ||
| 999 |
_c24869 _d24869 |
||